000
00310nam a2200133Ia 4500
005
20260328101457.0
008
260328s9999||||xx |||||||||||||| ||und||
100
_a
Campo, Cristian
245
0
_a
Plastic /
_c
Cristian Campo
260
_b
Collins
300
_a
335 p.
650
_a
DISEÑO INDUSTRIAL
942
_c
BK
999
_c
8847
_d
8847